000 00610cam5a220020500 4500
001 qce00035342
005 20190814132723.0
008 810920s1962 ilua 000 0 eng d
035 _a(Sirsi) r68210
035 _a(QCAT)lss04948769
035 _a(UPRA)qce00035342
040 _dUPRA
060 0 _aWR 190
_bB66e 1962
100 1 _aBobroff, Arthur, 1917-
_dBobroff, Arthur, 1917-
_6A29197.1
245 1 0 _aEczema ; its nature, cure, and prevention.
260 _aSpringfield, IL :
_bThomas,
_c[c1962]
650 2 _aEczema.
_6S21183.1
949 _aRL251
_wLC
_i-91469
_mMEDICAL
_tBOOK
_lON-SHELF
004 68210
999 _c55967
_d55967